Movies General Knowledge #5 - Statistics

General Stats
  • This quiz has been taken 29,322 times
  • The average score is 10 of 20
Answer Stats
Question Answer % Correct
In what country was "The Lord of the Rings" trilogy filmed? New Zealand
91%
What pig won a sheep dog competition? Babe
75%
What prolific actor's real name is Nicolas Coppola? Nicolas Cage
69%
Who has directed 8 different movies starring Johnny Depp? Timothy Burton
68%
What type of animal was the evil Iago in the movie "Aladdin"? Parrot
65%
What band made a movie called "The Wall"? Pink Floyd
64%
What movie was about a future when all crimes were legal for a single day each year? The Purge
64%
What kid's movie had a "Squeakquel"? Alvin and the Chipmunks
59%
What Hollywood family had/has members Lionel, John, Ethel, and Drew? Barrymore
56%
In what city did the movie "Lost in Translation" take place? Tokyo
51%
What actor has portrayed Malcolm X, Frank Lucas, and Rubin Carter? Denzel Washington
50%
What movie was named after a city in North Dakota but actually took place mostly in Minnesota? Fargo
48%
Who is the only person to have won 3 Oscars for Best Actor? (His first was for "My Left Foot") Daniel Day-Lewis
46%
What does Mike Wazowski study in the movie "Monsters University"? Scaring
42%
What actress was nicknamed "Hanoi Jane"? Jane Fonda
41%
Who starred as The Tramp? Charlie Chaplin
35%
Who has starred as Madea in 8 different movies? Tyler Perry
35%
What movie's sequel is subtitled "Havana Nights"? Dirty Dancing
29%
What detective movie starred Madonna and Warren Beatty? Dick Tracy
27%
What's the only winning move in the movie "War Games"? Not to Play
17%
No matching quizzes found
Score Distribution
Percent of People with Each Score
Percentile by Number Answered
Your Score History
You have not taken this quiz